000 00527nam a22001937a 4500
003 MPLRDC
005 20220104174158.0
008 210129b ||||| |||| 00| 0 eng d
020 _a0-87477-513-2
082 _a947.25 EDWA
100 _aBETTY EDWARDS
245 _aDRAWING ON THE RIGHT SIDE OF THE BRAIN
_c
250 _a再版
260 _a
_bJEREMY F. TARCHER, INC.
_c1989
300 _b
490 _aA COURSE ON EMCHANTING GREATIVITY
650 _a西洋画; 欧洲绘画--人像画
942 _cBK
_o947.25 EDWA
999 _c59741
_d59731